000 00257nam a2200097 4500
245 _aBones and distances : poems
_cby Srinivas Rayaprol
100 _aRayaprol, Srinivas
260 _aCalcutta
_bP. Lal
_cc 1968
300 _a32p. ; 22cm
082 _aIn
_b821.2 RAY
999 _c844
_d844